STUDIES IN HUMAN ECOLOGY : A SERIES OF LECTURES GIVEN AT THE ANTHROPOLOGICAL SOCIETY OF WASHINGTON /
I tiakina i:
| Ētahi atu kaituhi: | |
|---|---|
| Hōputu: | Pukapuka |
| Rangatū: | SOCIAL SCIENCE MONOGRAPHS ;
3 |
| Ngā marau: | |
| Ngā Tūtohu: |
Kāore He Tūtohu, Me noho koe te mea tuatahi ki te tūtohu i tēnei pūkete!
|
MARC
| LEADER | 00000nam^a2200000^a^4500 | ||
|---|---|---|---|
| 001 | 000241758 | ||
| 005 | 20250521000000.0 | ||
| 009 | 20260310105228.994 | ||
| 035 | |a 063256 | ||
| 037 | |a Acervo Xavier Clavigero | ||
| 082 | |a 304. 2 |b STU | ||
| 245 | 1 | 0 | |a STUDIES IN HUMAN ECOLOGY : |b A SERIES OF LECTURES GIVEN AT THE ANTHROPOLOGICAL SOCIETY OF WASHINGTON / |c ANGEL PALERM ... [ ET AL.] |
| 264 | |a Washington, EUA : |b PAN AMERICAN UNION, |c 1960 | ||
| 300 | |a 138 p. | ||
| 336 | |a texto |b txt |2 rdacontenido | ||
| 337 | |a sin mediación |b n |2 rdamedio | ||
| 338 | |a volumen |b nc |2 rdasoporte | ||
| 440 | |a SOCIAL SCIENCE MONOGRAPHS ; |v 3 | ||
| 649 | |a XX | ||
| 650 | |a Ecología Social | ||
| 650 | |a Geografía Humana | ||
| 700 | |a Palerm, Angel |e (autor) | ||
| 910 | |a Fondo General | ||
| 920 | |a Impresos - Libros | ||
| 930 | |a Colección General | ||
| 905 | |a 101 | ||
| 901 | |a 063256 |b IT1 |c ACC |i 063256 |u 20250521 | ||
| 902 | |a https://opac.biblio.iteso.mx/vufind/Record/000241758 | ||